CAD/CAM thiết kế và chế tạo có máy tính trợ giúp
Sách giới thiệu những kiến thức cơ bản về công nghệ thông tin liên quan đến CAD/CAM và những vấn đề quản lý, sản xuất, chế tạo có sự trợ giúp của máy tính.
সংরক্ষণ করুন:
| প্রধান লেখক: | |
|---|---|
| বিন্যাস: | গ্রন্থ |
| ভাষা: | Undetermined |
| প্রকাশিত: |
Hà Nội
Giáo Dục
2000
|
| বিষয়গুলি: | |
| ট্যাগগুলো: |
ট্যাগ যুক্ত করুন
কোনো ট্যাগ নেই, প্রথমজন হিসাবে ট্যাগ করুন!
|
| Thư viện lưu trữ: | Trung tâm Học liệu Trường Đại học Cần Thơ |
|---|
| LEADER | 00942nam a2200229Ia 4500 | ||
|---|---|---|---|
| 001 | CTU_42777 | ||
| 008 | 210402s9999 xx 000 0 und d | ||
| 020 | |b 26.200đ | ||
| 020 | |c 26200 | ||
| 082 | |a 620.00420285 | ||
| 082 | |b Ph506/T1 | ||
| 100 | |a Phan, Hữu Phúc | ||
| 245 | 0 | |a CAD/CAM thiết kế và chế tạo có máy tính trợ giúp | |
| 245 | 0 | |c Phan Hữu Phúc | |
| 260 | |a Hà Nội | ||
| 260 | |b Giáo Dục | ||
| 260 | |c 2000 | ||
| 520 | |a Sách giới thiệu những kiến thức cơ bản về công nghệ thông tin liên quan đến CAD/CAM và những vấn đề quản lý, sản xuất, chế tạo có sự trợ giúp của máy tính. | ||
| 650 | |a Computer-aided design,Computer-aided manufacturing,Engineering design | ||
| 650 | |x Data processing | ||
| 904 | |i Minh, Qhieu | ||
| 980 | |a Trung tâm Học liệu Trường Đại học Cần Thơ | ||